|
|
|
|
| LEADER |
00000nam a22000007a 4500 |
| 005 |
2021042207577.0 |
| 007 |
cr|||| |||| |
| 008 |
210422s2021 br |||||s|||| 00||0 por d |
| 020 |
|
|
|a 978-85-64912-26-7
|
| 035 |
|
|
|a 33014
|
| 040 |
|
|
|a vLex
|
| 090 |
|
|
|c 11503
|d 11503
|
| 100 |
1 |
|
|a Furtado de Magalhês Gomes, Marcella
|
| 245 |
1 |
0 |
|a Ética e direito
|h [Recurso electrn̤ico] :
|b a conscin̊cia da virtude na ťica a nicm̥acos /
|c Marcella Furtado de Magalhês Gomes
|
| 256 |
|
|
|a Servicio en ln̕ea
|
| 260 |
|
|
|a Belo Horizonte:
|b Initia Via Editora,
|c 2021
|
| 300 |
|
|
|a 1 recurso electrn̤ico
|
| 506 |
1 |
|
|a Disponible solo en los productos indicados
|d vLex Global
|d vLex Global (Academic Edition, excluding Law Schools)
|d vLex Global (U.S. Academic Edition, Law Schools)
|d vLex Global (U.S. Academic Edition, excluding Law Schools)
|d vLex Global (Academic Edition, Law Schools)
|
| 650 |
0 |
4 |
|a Ciencias sociales
|z Brasil
|
| 740 |
0 |
|
|a vLex Libros (Servicio en ln̕ea)
|
| 856 |
4 |
0 |
|u https://vlex.com/source/etica-direito-consci-ncia-virtude-etica-nic-macos-33014
|z Acceso restringido
|
| 942 |
|
|
|c BOOK
|
| 999 |
0 |
|
|a Social Sciences
|